000 00515cam a22002054a 4500
005 20250605164309.0
008 250528s ||||||||||||||||||||||||d
035 _a22385
020 _a9789603752912
040 _aGR-AtMCL
_bgre
_dGR-AtMCL
_eAACR2
245 1 _aΕΚΠΑΙΔΕΥΤΙΚΗ ΨΥΧΟΛΟΓΙΑ
250 _a1
260 _bΜεταίχμιο,
_c2002
300 _a133
700 1 _aFoulin Jean-Noel
_95550
700 1 _aMouchon Serge
_95551
942 _cBK
999 _c7438
_d7438